<?xml version="1.0" encoding="UTF-8"?>
<marc:record xmlns:marc="http://www.loc.gov/MARC21/slim">
   <marc:leader>00000nam a2200000 a 4500</marc:leader>
   <marc:datafield ind1="0" ind2="0" tag="245">
      <marc:subfield code="a">Jung &amp; Schön</marc:subfield>
   </marc:datafield>
   <marc:datafield ind1=" " ind2="1" tag="264">
      <marc:subfield code="a">Leipzig</marc:subfield>
      <marc:subfield code="b">Weltkino</marc:subfield>
      <marc:subfield code="c">2014</marc:subfield>
   </marc:datafield>
   <marc:datafield ind1="1" ind2=" " tag="520">
      <marc:subfield code="a">Kurz vor ihrem 17. Geburtstag schläft die hübsche Isabelle das erste Mal mit einem Jungen - ein Ereignis, das sie ernüchtert zurücklässt. Mit Beginn des neuen Schuljahres verabredet sie sich über das Internet mit Männern, die sie für Sex bezahlen. Weder ihre Familie noch Freunde ahnen, was sie an ihren Nachmittagen treibt. Als ihr Doppelleben durch einen tragischen Zwischenfall auffliegt, sind die Eltern fassungslos.</marc:subfield>
   </marc:datafield>
   <marc:datafield ind1=" " ind2=" " tag="020">
      <marc:subfield code="a">4006680070872</marc:subfield>
      <marc:subfield code="9">4006680070872</marc:subfield>
   </marc:datafield>
   <marc:datafield ind1="0" ind2=" " tag="490">
      <marc:subfield code="v">0</marc:subfield>
   </marc:datafield>
   <marc:datafield ind1=" " ind2=" " tag="300">
      <marc:subfield code="a">ca. 89 Min.</marc:subfield>
   </marc:datafield>
</marc:record>
